00658nam a2200217Ia 4500003000400000005001700004008004100021020001400062040003200076041000800108082001700116100001900133245008200152260003800234300003100272504003800303650002600341650002100367650003000388650002200418OSt20240229110054.0240214t1975||||xx |||||||||||||| ||und|| a683026909 aODONTObspacODONTOdODONTO aeng a616.025 D923 aDunn, Martin J 0aInternal medicine: systemic emergencies /cMartin J. Dunn, Donald F. Booth.-- aUSA :bWilliams & Wilkins,c1975. axi, 94 p. :bil. ;c26 cm. aBibliografía: pp. 92 e índice02aMedicina de urgencias02aMedicina interna02aAsistencia en emergencias02aPrimeros auxilios